Audels New Electric Science Dictionary / (Record no. 9947)
[ view plain ]
| 000 -LEADER | |
|---|---|
| fixed length control field | 00715cam a2200253u 4500 |
| 001 - CONTROL NUMBER | |
| JCCL Control Number | 9947 |
| 003 - CONTROL NUMBER IDENTIFIER | |
| JCCL marc code | BD-JhCC |
| 005 - DATE AND TIME OF LATEST TRANSACTION | |
| control field | 20180404095015.0 |
| 008 - FIXED-LENGTH DATA ELEMENTS--GENERAL INFORMATION | |
| fixed length control field | 180403s1965 inuc d 000 0 eng |
| 035 ## - SYSTEM CONTROL NUMBER | |
| system control number | (BD-JhCC)9947 |
| 040 ## - CATALOGING SOURCE | |
| Original cataloging agency | DLC |
| Transcribing agency | CarP |
| Modifying agency | DLC |
| -- | BD-JhCC |
| 041 ## - LANGUAGE CODE | |
| Language code of Book | eng |
| 050 00 - LIBRARY OF CONGRESS CALL NUMBER | |
| Classification number | QC505 |
| Item number | .G7 1965 |
| 082 ## - DEWEY DECIMAL CLASSIFICATION NUMBER | |
| Author mark and Year | GRA 1965 |
| 100 1# - MAIN ENTRY--PERSONAL NAME | |
| Dates associated with a name | 1875- |
| Personal name | Graham, Frank Duncan |
| 245 10 - TITLE STATEMENT | |
| Title | Audels New Electric Science Dictionary / |
| Statement of responsibility, etc | Frank Duncan Graham |
| 260 ## - PUBLICATION, DISTRIBUTION, ETC. (IMPRINT) | |
| Place of publication, distribution, etc | Indianapolis : |
| Name of publisher, distributor, etc | T. Audel, |
| Date of publication, distribution, etc | 1965. |
| 300 ## - PHYSICAL DESCRIPTION | |
| Pagination | X, 549 p. |
| Other physical details | port. |
| Dimensions | 17 cm. |
| 650 #0 - SUBJECT ADDED ENTRY--TOPICAL TERM | |
| Topical term or geographic name as entry element | Electricity |
| Form subdivision | Dictionaries. |
| 740 0# - | |
| Uncontrolled related/analytical title | Audels electric dictionary. |
| 740 0# - | |
| Uncontrolled related/analytical title | New electric science dictionary. |
| 942 ## - ADDED ENTRY ELEMENTS (KOHA) | |
| Source of classification or shelving scheme | Dewey Decimal Classification |
| Koha item type | Reference |
| Source of classification or shelving scheme | Damaged status | Not for loan | Home library | Current library | Shelving location | Date of accession | Total Checkouts | Full call number | Barcode | Date last seen | Copy number | Koha item type |
|---|---|---|---|---|---|---|---|---|---|---|---|---|
| Dewey Decimal Classification | JCC Rouf Library | JCC Rouf Library | General Stacks | 04/03/2018 | 537.03 GRA 1965 | 12757 | 04/03/2018 | C-1 | Reference |